000
00206nam a22000857a 4500
008
170117b xxu||||| |||| 00| 0 eng d
100
_9
2450
_a
CBSE
245
_a
Mathematics F.A.-X
260
_a
New Delhi
_b
CBSE
_c
2010
999
_c
5505
_d
5505